Normal view
MARC view
- Dahl, Carol A.
Entry Personal Name
001 - CONTROL NUMBER
- control field: 129900
003 - CONTROL NUMBER IDENTIFIER
- control field: NUST
005 - DATE AND TIME OF LATEST TRANSACTION
- control field: 20250717112605.0
008 - FIXED-LENGTH DATA ELEMENTS
- fixed length control field: 250717|| aca||aabn | a|a d
040 ## - CATALOGING SOURCE
- Original cataloging agency: NUST
- Transcribing agency: NUST
100 ## - HEADING--PERSONAL NAME
- Personal name: Dahl, Carol A.
- Fuller form of name: (Carol Ann),
- Dates associated with a name: 1947-
670 ## - SOURCE DATA FOUND
- Source citation: Work cat.: (NUST)0: Dahl, Carol A. (Carol Ann), 1947-, International energy markets :
